000 00816cpcaa2200253 4500
001 mm 79000554
003 DLC
005 20260227111632.0
008 790413|||||||||||| eng
010 _amm 79000554
040 _aDLC
_cDLC
_edacs
_dDLC
072 7 _aL
_2lcmd
100 1 _aColquhoun, Patrick,
_d1745-1820.
245 0 0 _aPatrick Colquhoun papers,
_f1785-1791.
300 _a4
_fitems.
506 0 _aOpen to research.
545 0 _aAuthor and businessman.
546 _aCollection material in English.
580 _aForms part of: Miscellaneous Manuscripts collection.
656 7 _aAuthors.
_2itoamc
656 7 _aBusinessmen.
_2itoamc
999 _c40479
_d40479